000 00919npm a2200265 i 4500
001 5346
003 ES-MaACL
005 20230908144658.0
007 hzrazu bucu
008 900503r19901810sp b 00010 spa d
080 _a32(46)"18"(082.2)
100 1 _aM. J. G.
_974981
245 1 0 _aDiscurso de un español a los diputados de Cortes
_b: [Microforma] /
_c[M.J.G.].
260 _aMadrid :
_bAteneo Cientifico, Literario y Artistico,
_c1990.
300 _aEn microficha n. 1 :
_bnegativo.
490 1 _aMiscelánea patriótica
500 _aPublicado originalmente: Separata de EL Observador, n. 14 de 1810.
501 _aCon: otras obras formando un v. facticio: "Miscelanea patriotica"
650 1 4 _aObras de 1800.
_915662
740 3 _aEl Observador.
830 0 _aMiscelánea patriótica
_9176588
852 _aES-MaACL
_jMCF-42
_95463
_cDEPO1
942 _2udc
_cMICROFORMA
999 _c5346
_d5346